00479nam a2200169Ia 4500100003700000650000800037942000700045366000700052654000800059245003700067260001600104082000800120300000800128546001200136999001700148952014400165 aMcEwen/Adrian/ Cassimally/Hakim  aIOT cBK f20 aIOT aDesigning the internet of things bWileyc2014 bMCE a324 aENGLISH c24215d24215 001040708CRCaCRCEbCRCEd2023-03-17eShroff Publishersg700.00i01463 dt 01.08.2019l0o MCEp25667r2023-03-17v875.00w0000-00-00yBK